000 00347nam a2200133Ia 4500
005 20260328104324.0
008 260328s9999||||xx |||||||||||||| ||und||
100 _aPérez, Emilia
245 0 _aÁlvaro Siza Conversaciones con Valdemar Cruz /
_cEmilia Pérez
260 _bGustavo Gili
300 _a117 p.
650 _aALVARO SIZA
942 _cBK
999 _c11465
_d11465